Too nice for your own good : (Record no. 688)

MARC details
000 -LEADER
fixed length control field 00525nam a2200181 a 4500
005 - DATE AND TIME OF LATEST TRANSACTION
control field 20260322212030.0
008 - FIXED-LENGTH DATA ELEMENTS--GENERAL INFORMATION
fixed length control field data
020 ## - INTERNATIONAL STANDARD BOOK NUMBER
International Standard Book Number 0446673862
020 ## - INTERNATIONAL STANDARD BOOK NUMBER
International Standard Book Number 9780446673860
092 ## - LOCALLY ASSIGNED DEWEY CALL NUMBER (OCLC)
Classification number 158.1 S37 2000
001 - CONTROL NUMBER
control field data
100 1# - MAIN ENTRY--PERSONAL NAME
Personal name Robinson, Duke.
245 10 - TITLE STATEMENT
Title Too nice for your own good :
Remainder of title how to stop making 9 self-sabotaging mistakes /
Statement of responsibility, etc. Duke Robinson.
260 ## - PUBLICATION, DISTRIBUTION, ETC.
Place of publication, distribution, etc. New York :
Name of publisher, distributor, etc. Warner Books,
Date of publication, distribution, etc. 2000, ♭1997
300 ## - PHYSICAL DESCRIPTION
Extent xxii, 266 p. ;
Other physical details 21 cm.
650 #0 - SUBJECT ADDED ENTRY--TOPICAL TERM
Topical term or geographic name entry element Self-defeating behavior
650 #0 - SUBJECT ADDED ENTRY--TOPICAL TERM
Topical term or geographic name entry element Self-management (Psychology)
Holdings
Withdrawn status Lost status Damaged status Not for loan Home library Current library Shelving location Date acquired Total checkouts Full call number Barcode Date last seen Price effective from Koha item type
        Springfield Springfield General stacks 22/03/2026   GEN BC0010705 22/03/2026 22/03/2026 Books